01028 2200337 4500001002100000005001500021035002000036007000300056008004100059020002200100040002200122082001600144084001800160090002200178090002200200100003700222245009100259250002900350300004600379500001100425650002400436700003400460850001200494504003400506264003300540336002100573337003000594338002300624999002100647990002200668INLIS00000000085490420200310122240 a0010-0320000231ta200310s2013 yoia f 1 ind d a978-602-7696-03-7 aYOPDYOGbinderda04223a297.071 a297.071 ARF s aDEP 297.071 ARF s aCB-D.11 2013-28680 aArfan Muamar,cMd1984-epenulis10aStudi islam perspektif insider/outsider /cArfan Muamar; penyunting, Abdul Wahid Hasan aCetakan II, Januari 2013 a556 halaman :bilustrasi, garfik ;c20 cm aIndeks 4aIslam--xpendidikan0 aAbdul Wahid Hasanepenyunting aYOPDYOG aBibliografi halaman : 520-54231aYogyakarta :bIRCiSoD,c2013 2rdacontentateks 2rdamediaatanpa perantara 2rdacarrieravolume aCB-D.11/201-2868 aCB-D.11/2013-2868